Re-visiting early India : (Record no. 78006)

MARC details
000 -LEADER
fixed length control field 00644nam a22001937a 4500
005 - DATE AND TIME OF LATEST TRANSACTION
control field 20130827112928.0
010 ## - LCCN (DPL NO)
LC control number ENG-108059
020 ## - INTERNATIONAL STANDARD BOOK NUMBER
Terms of availability 3200.00
International Standard Book Number 8187661739
035 ## - SYSTEM CONTROL NUMBER
System control number EN-91592
037 ## - SOURCE OF ACQUISITION
Source of stock number/acquisition DBAD/PUB
082 ## - DEWEY DECIMAL CLASSIFICATION NUMBER
Classification number 954.02
245 00 - TITLE STATEMENT
Title Re-visiting early India :
Statement of responsibility, etc edited by Suchandra Ghosh... [et al]
Remainder of title essays in honour of D.C. Sircar /
260 ## - PUBLICATION, DISTRIBUTION, ETC. (IMPRINT)
Place of publication, distribution, etc Kolkata
Name of publisher, distributor, etc R.N. Bhattacharya
Date of publication, distribution, etc 2013
270 ## - ADDRESS
Address A/ 217, H.B. Town, Road No - 4 Sodepur
City Kolkata
Postal code 700110
300 ## - PHYSICAL DESCRIPTION
Extent xi,266p. :
Dimensions 25cm(Hb)
Other physical details ill.
500 ## - GENERAL NOTE
General note Includes bibliographical references
700 ## - ADDED ENTRY--PERSONAL NAME
Personal name Ghosh, Suchandra
942 ## - ADDED ENTRY ELEMENTS (KOHA)
Source of classification or shelving scheme Dewey Decimal Classification
Item type English Books
Call number suffix REV
Classification part 954.02
Holdings
Withdrawn status Lost status Not for loan Collection code Home library Current library Date acquired Source of acquisition Cost, normal purchase price Full call number Barcode Copy number Cost, replacement price Koha item type
    Not For Loan Non-fiction D.B.Act.Division D.B.Act.Division 24/07/2013 DBAD / PUB 3200.00 954.02 REV EN-91592 1 3200.00 English Books

© Delhi Public Library
Hit Counter
free hit counter